| 000 | 01474nam0a22002771 4500 | ||
|---|---|---|---|
| 001 | rc\4657876 | ||
| 005 | 20260408003948.0 | ||
| 021 |
_aRU _b[61-30269] |
||
| 035 | _a(NLR Aleph) 008695310 | ||
| 090 |
_a9264841 _c9264841 |
||
| 100 | _a20130416d1961 |||y0rusy50 ca | ||
| 101 | 0 | _arus | |
| 102 | _aRU | ||
| 105 | _ay z ||||| | ||
| 200 | 1 |
_aПоложение о премировании руководящих инженерно-технических работников и служащих промышленных предприятий обществ охотников РСФСР _e[Утв. Росохотсоюзом и ЦК Профсоюза рабочих лесной, бумажной и деревообрабатывающей пром-сти в февр. 1961 г. |
|
| 210 |
_aМосква _cБ. и. _d1961] |
||
| 215 |
_a6 с. _d20 |
||
| 606 |
_aЛесная промышленность _xНаграды и поощрения _2psbo |
||
| 606 |
_aОбщества охотников и рыболовов _yРСФСР _2psbo |
||
| 710 | 0 | 2 |
_aСоюз обществ охотников и рыболовов РСФСР _3RU\NLR\AUTH\8810034484 _9567274 |
| 712 | 0 | 2 |
_aСоюз рабочих лесной, бумажной и деревообрабатывающей промышленности СССР _bЦК _3RU\NLR\AUTH\8810168574 _9832936 |
| 801 | 0 |
_aRU _bNLR _gpsbo |
|
| 801 | 1 |
_aRU _bELAR _2rusmarc |
|
| 852 |
_aNLR _j61-4/7825 |
||
| 942 | _cBOOK | ||
| 980 | _aNB | ||